000
00291nam a2200133Ia 4500
008
221030s9999 xx 000 0 und d
082
_a
105.23
100
_a
Pranav Gupta/97
245
0
_a
Customer Support System
250
_a
2005
260
_a
Jammu
_c
2005
650
_a
MCA
942
_c
TH
999
_c
6145
_d
6145